[Event "BEL-ch U18"]
[Site "Blankenberge"]
[Date "2014.04.14"]
[Round "2"]
[White "Van Vlaenderen, Stijn"]
[Black "Van de Vaerd, Miguel"]
[Result "0-1"]
[WhiteElo "1671"]
[BlackElo "1876"]
[PlyCount "104"]
[EventDate "2014.04.??"]
[EventType "swiss"]
[EventRounds "9"]
[EventCountry "BEL"]
[SourceTitle "EXT 2015"]
[Source "ChessBase"]
[SourceDate "2014.11.20"]
[SourceVersion "1"]
[SourceVersionDate "2014.11.20"]
[SourceQuality "1"]

1. d4 Nf6 2. c4 g6 3. Nc3 Bg7 4. e4 d6 5. f3 0-0 6. Be3 Nc6 7. Qd2 a6 8. Rc1 Bd7 9. Nge2 Rb8 10. Nd1 b5 11. c5 e6 12. g3 Ne7 13. Bg2 h5 14. 0-0 b4 15. Nf2 Rb5 16. Nd3 a5 17. Rc2 Qb8 18. b3 Rd8 19. Rfc1 Kh7 20. Nb2 dxc5 21. Rxc5 Rxc5 22. Rxc5 Nc6 23. Qc1 Qb7 24. f4 Bf8 25. Rc2 Qb5 26. Nc4 Bc8 27. Ne5 Nxe5 28. fxe5 Ng4 29. Bg5 Rd7 30. h3 Nh6 31. Bf1 Qb8 32. Qe3 Ba6 33. Nf4 Bxf1 34. Kxf1 c5 35. dxc5 Qxe5 36. c6 Rc7 37. Nd3 Qb5 38. Kg2 Rxc6 39. Rf2 Rc7 40. Qf4 Qb7 41. Kh2 Qc8 42. Qe5 Rc2 43. Qf6 Qc3 44. Qxc3 Rxf2+ 45. Nxf2 bxc3 46. Nd3 f5 47. exf5 exf5 48. Bd8 Bb4 49. Nxb4 axb4 50. Bg5 Nf7 51. Be3 Ne5 52. Kg2 Nd3 0-1

[Event "BEL-ch U18"]
[Site "Blankenberge"]
[Date "2014.04.13"]
[Round "1"]
[White "Brahy, Jerome"]
[Black "Van Vlaenderen, Stijn"]
[Result "0-1"]
[WhiteElo "1245"]
[BlackElo "1671"]
[PlyCount "48"]
[EventDate "2014.04.??"]
[EventType "swiss"]
[EventRounds "9"]
[EventCountry "BEL"]
[SourceTitle "EXT 2015"]
[Source "ChessBase"]
[SourceDate "2014.11.20"]
[SourceVersion "1"]
[SourceVersionDate "2014.11.20"]
[SourceQuality "1"]

1. e4 c5 2. Nf3 Nc6 3. d4 cxd4 4. Nxd4 e5 5. Nxc6 bxc6 6. Be2 Nf6 7. Nd2 Bb4 8. c3 Be7 9. 0-0 0-0 10. c4 d6 11. a3 Ne8 12. Nb1 f5 13. f3 Qb6+ 14. Kh1 Nf6 15. Nc3 Be6 16. Qc2 f4 17. Rd1 Nh5 18. Na4 Qf2 19. Bd3 Qh4 20. c5 Rfd8 21. Bc4 d5 22. Bd3 Nf6 23. b4 dxe4 24. fxe4 Ng4 0-1